000 00364pab a2200145 454500
008 180718b1985 xxu||||| |||| 00| 0 eng d
100 _aDhawan, Sunil K.
245 _aWater supply in a fluoride - affected area
_bA case study
260 _c1985
300 _a31-4
362 _a18 May
650 _aWater Supply - India
773 _aMainstream
909 _a20622
999 _c20622
_d20622